00868 2200301 4500001002100000005001500021035002000036007000300056040001700059100003000076245009500106250001200201300002900213020001800242041000800260082000800268084001400276090002100290264004700311336002100358337003000379338002300409650001800432700004400450850001000494008004100504990002100545INLIS00000000000683620260409082844 a0010-0622000171ta aSBPUPADbind0 aTuti A. WindriePengarang1 aKumpulan Cerita Rakyat Indonesia :bCerita Rakyat Sulawesi /cTuti A. Windri, Wahyu Untara a.-cet.1 a53 hlm. :bilus. ;c21cm a979-736-792-40 aind a398 a398 TUT c a398 TUT c L9-R3 a.--Jakarta :bSinar Cemerlang Abadi,c2007 2rdacontentaTeks 2rdamediaaTanpa Perantara 2rdacarrieravolume 4aCerita Rakyat0 apengarang ke-2, Wahyu UntaraePengarang aPUPAD260409 1  a26208/H/DPK/2018